Biopotraviny. Biovysávače peňazí?
Biopotraviny ako produkt ekologického poľnohospodárstva. Čo dvíha cenu biopotravín. Nízka kúpyschopnosť slovenského obyvateľstva. Nízke povedomie o biopotravinách. Rast dopytu pomalými krokmi. Problematický vývoz biopotravín. Predaj v špecializovaných predajniach a v supermarketoch. Obchodný reťazec...
Salvato in:
| Autore principale: | |
|---|---|
| Altri autori: | |
| Natura: | Capitolo di libro |
| Lingua: | slovacco |
| Soggetti: | |
| Tags: |
Nessun Tag, puoi essere il primo ad aggiungerne!!
|
MARC
| LEADER | 00000naa$a2200000$$$4500 | ||
|---|---|---|---|
| 001 | 0111847 | ||
| 005 | 20231009103050.8 | ||
| 041 | 0 | |a slo | |
| 044 | |a SK | ||
| 245 | 1 | 0 | |a Biopotraviny. Biovysávače peňazí? |c Saša Pribišová, Palo Hlubina |
| 520 | |a Biopotraviny ako produkt ekologického poľnohospodárstva. Čo dvíha cenu biopotravín. Nízka kúpyschopnosť slovenského obyvateľstva. Nízke povedomie o biopotravinách. Rast dopytu pomalými krokmi. Problematický vývoz biopotravín. Predaj v špecializovaných predajniach a v supermarketoch. Obchodný reťazec Tesco s vlastnou značkou Tesco organic. Porovnanie cien biopotravín s konvenčnými. | ||
| 610 | 2 | 0 | |a poľnohospodárstvo |
| 610 | 2 | 0 | |a potraviny |
| 610 | 2 | 0 | |a bioprodukty |
| 610 | 2 | 0 | |a predaj |
| 610 | 2 | 0 | |a predajne |
| 610 | 2 | 0 | |a vývoz |
| 610 | 2 | 0 | |a značky výrobkov |
| 610 | 2 | 0 | |a Slovensko |
| 100 | 1 | |a Pribišová, Saša | |
| 700 | 1 | |a Hlubina, Palo | |